00440nam a22001457a 4500008004100000020001800041050001900059100002100078245006500099250001200164260003600176300002700212500004100239650001400280230725b |||||||| |||| 00| 0 eng d a9783330076136 aP 90 .A59 2018 aAnyuor, Nicholas aMedia, Democracy and Devolution in Kenya :cNicholas, Anyuor a1st ed. aMauritius:bLap Lambert,c2018. a125p. ;bill. ;c18 cm aincludes bibliogrsphical references. 2Democracy